header

Style, identity and literacy (Record no. 117875)

MARC details
000 -LEADER
fixed length control field 01580nam a2200385 a 4500
082 04 - DEWEY DECIMAL CLASSIFICATION NUMBER
Classification number 427/.95957
100 1# - MAIN ENTRY--AUTHOR NAME
Personal name Stroud, Christopher.
245 10 - TITLE STATEMENT
Title Style, identity and literacy
260 ## - PUBLICATION, DISTRIBUTION, ETC. (IMPRINT)
Place of publication Tonawanda, N.Y. :
Name of publisher Multilingual Matters,
Year of publication c2012.
300 ## - PHYSICAL DESCRIPTION
Number of Pages xiii, 237 p.
490 1# - SERIES STATEMENT
Series statement Critical language and literacy studies ;
650 #0 - SUBJECT ADDED ENTRY--TOPICAL TERM
Topical Term English language
Topical Term Native language and education
Topical Term Multilingualism
700 1# - ADDED ENTRY--PERSONAL NAME
Personal name Wee, Lionel,
856 40 - ELECTRONIC LOCATION AND ACCESS
Uniform Resource Identifier http://site.ebrary.com/lib/rucke/Doc?id=10513510

No items available.

© 2026 Rongo University
Contact us: librarian | system librarian | Rongo university